<?xml version="1.0" encoding="UTF-8"?>
<record
    xmlns:xsi="http://www.w3.org/2001/XMLSchema-instance"
    xsi:schemaLocation="http://www.loc.gov/MARC21/slim http://www.loc.gov/standards/marcxml/schema/MARC21slim.xsd"
    xmlns="http://www.loc.gov/MARC21/slim">

  <leader>01871nab a2200241uuc4500</leader>
  <controlfield tag="001">1300515</controlfield>
  <controlfield tag="005">20240202110608.0</controlfield>
  <controlfield tag="008">121003e20120301                    spa  </controlfield>
  <datafield tag="035" ind1=" " ind2=" ">
    <subfield code="a">1300515</subfield>
  </datafield>
  <datafield tag="040" ind1=" " ind2=" ">
    <subfield code="c">comduadb</subfield>
  </datafield>
  <datafield tag="041" ind1=" " ind2=" ">
    <subfield code="a">spa</subfield>
  </datafield>
  <datafield tag="100" ind1="1" ind2="0">
    <subfield code="a">Santiesteban Vel&#xE1;zquez, Norge de Jes&#xFA;s</subfield>
    <subfield code="4">aut</subfield>
    <subfield code="e">aut</subfield>
    <subfield code="9">643311</subfield>
  </datafield>
  <datafield tag="245" ind1="1" ind2="0">
    <subfield code="a">Encefalomielitis aguda diseminada. Reporte de un caso con afectaci&#xF3;n selectiva de tallo cerebral</subfield>
  </datafield>
  <datafield tag="520" ind1="3" ind2=" ">
    <subfield code="a">Introducci&#xF3;n: La encefalomielitis aguda diseminada (EMAD) es un trastorno neurol&#xF3;gico autoinmune de la sustancia blanca del sistema nervioso. Esta afecci&#xF3;n puede manifestarse de manera espont&#xE1;nea o secundaria a infecciones o a vacunaci&#xF3;n. La mayor&#xED;a de las veces evoluciona de manera monof&#xE1;sica con manifestaciones cl&#xED;nicas inespec&#xED;ficas, por lo que la sospecha diagn&#xF3;stica es fundamental. Objetivo: Presentar un caso cl&#xED;nico de presentaci&#xF3;n infrecuente con afectaci&#xF3;n selectiva del tallo cerebral. Caso cl&#xED;nico: Presentamos el caso de una paciente de 28 a&#xF1;os de edad, de sexo femenino, portadora de EMAD. Se discuten la forma cl&#xED;nica de presentaci&#xF3;n, los hallazgos neurorradiol&#xF3;gicos y el tratamiento realizado. Conclusi&#xF3;n: La EMAD es una patolog&#xED;a poco frecuente, que puede tener un curso mortal. El diagn&#xF3;stico definitivo se realiza a trav&#xE9;s de RM y el tratamiento m&#xE1;s efectivo pareciera ser los corticoides, aunque un porcentaje de pacientes evoluciona espont&#xE1;neamente a la mejor&#xED;a.</subfield>
  </datafield>
  <datafield tag="650" ind1=" " ind2=" ">
    <subfield code="a">Encefalomielitis</subfield>
    <subfield code="9">154664</subfield>
  </datafield>
  <datafield tag="650" ind1=" " ind2=" ">
    <subfield code="a">Desmielinizacion</subfield>
    <subfield code="9">20226</subfield>
  </datafield>
  <datafield tag="650" ind1=" " ind2="7">
    <subfield code="a">Autoinmunidad</subfield>
    <subfield code="2">dcs</subfield>
    <subfield code="9">24477</subfield>
  </datafield>
  <datafield tag="650" ind1=" " ind2=" ">
    <subfield code="a">Tronco encef&#xE1;lico</subfield>
    <subfield code="9">187293</subfield>
  </datafield>
  <datafield tag="700" ind1="1" ind2="0">
    <subfield code="a">Merayo Llanes, Regla Yudit</subfield>
    <subfield code="4">aut</subfield>
    <subfield code="e">aut</subfield>
    <subfield code="9">657625</subfield>
  </datafield>
  <datafield tag="700" ind1="1" ind2="0">
    <subfield code="a">Camejo Le&#xF3;n, Zoilo</subfield>
    <subfield code="4">aut</subfield>
    <subfield code="e">aut</subfield>
    <subfield code="9">676792</subfield>
  </datafield>
  <datafield tag="773" ind1="0" ind2=" ">
    <subfield code="t">Neurociencias en Colombia (Bogot&#xE1;)</subfield>
    <subfield code="g">Vol. 19, No. 01, Mar. 2012, p. 37-41</subfield>
    <subfield code="w">441638</subfield>
    <subfield code="x">0123-4048</subfield>
    <subfield code="0">118003</subfield>
  </datafield>
  <datafield tag="942" ind1=" " ind2=" ">
    <subfield code="c">ARIMP</subfield>
  </datafield>
  <datafield tag="999" ind1=" " ind2=" ">
    <subfield code="c">636531</subfield>
    <subfield code="d">636531</subfield>
  </datafield>
</record>
